Jánosa Vasika poverili zmapovať kultúru v meste

Bibliographic Details
Main Author: Mazurková, Renáta, 1972- (Author)
Format: Article
Language:Slovak
PhysicalDescription:Fotogr.
ISSN:1335-7581
Subjects:

MARC

LEADER 00000nab a2200000 a 4500
001 vtls008954987
003 SK-MaSNL
005 20260303070334.0
008 070313c20070222xo mr| 0 0slo
038 |a RVGKPD 
040 |a RVGKPD  |b slo  |c RVGKPD  |e AACR2 
041 |a slo 
044 |a xo  |c SK 
080 |a 008  |2 1997 
100 1 |a Mazurková, Renáta,  |d 1972-  |4 aut  |9 859052 
245 1 0 |a Jánosa Vasika poverili zmapovať kultúru v meste  |c Renáta Mazurková 
300 |b Fotogr. 
650 0 7 |a regionálna kultúra  |2 rvgkpd  |9 67627 
651 7 |a Rožňava (Slovensko)  |2 rvgkpd  |9 17394 
773 0 |t Korzár : Gemerský denník  |g Roč. IX, č. 44 (22.2.2007), s. 1  |x 1335-7581 
852 |a RVGKPD  |b KIS3G 
992 |a RBX 
999 |c 1754944  |d 1756874